| 000 | 01449nam a22002417a 4500 | ||
|---|---|---|---|
| 003 | OSt | ||
| 005 | 20251113135823.0 | ||
| 008 | 251113b |||||||| |||| 00| 0 eng d | ||
| 020 | _a9789585865907 | ||
| 037 | _bDonación | ||
| 040 |
_aCO-JMCR _bspa _cCO-JMCR _dCO-JMCR _erda |
||
| 041 | 0 | _aspa | |
| 082 | 0 | 4 |
_a929.9 _bG75 |
| 245 | 0 | 4 |
_aLas grandes marcas en Colombia : _b50 íconos de historia. |
| 250 | _aEditor Juan Pablo Neira Luque. | ||
| 260 |
_aBogotá : _bZetta Comunicadores, _c2014. |
||
| 300 |
_a229 páginas : _bilustraciones, fotografías ; _c30 cm. |
||
| 505 | 0 | _aAguardiente antioqueño -- Aguila -- Argos -- Arroz Diana -- Arturo Calle -- Avianca -- Bancolombia -- Bavaria -- Cadena Hoteles Dann -- Caracol Radio -- Caracol TV -- Chevrolet -- Claro -- Coca-Cola -- Corona --Cromos -- Dinero -- Ecopetrol -- Efecty -- El Espectador -- El Rey -- Envía -- EPM -- Éxito -- Exxonmobil -- Familia -- Festival -- Grupo Aval -- Haceb -- Huevos Kikes -- JET -- Juan Valdez -- Kokoriko -- La Equidad Seguros -- La Fina -- La Lechera -- Margarita -- Milo -- Mimo´s -- Positiva -- Promasa -- Quaker -- Ramo -- RCN Radio -- RCN TV -- Refisal -- Saltín Noel -- Santa Reyes -- Semana -- Servientrega --Simoniz -- Terpel -- Totto -- Marca País. | |
| 650 | 7 |
_aMarcas de fábrica _zColombia. _2JMCR _944426 |
|
| 651 | 7 |
_aColombia _xIndustrias _xHistoria. _2JMCR _944427 |
|
| 700 | 1 |
_aNeira Luque, Juan Pablo, _eeditor. _944428 |
|
| 942 |
_2ddc _cBK |
||
| 999 |
_c31110 _d17494 |
||